Countries by Mountain Ranges - Statistics

General Stats
  • This quiz has been taken 31 times
    26 since last reset
  • The average score is 19 of 26
Answer Stats
Mountain Ranges Countries % Correct
Rocky United States
100%
Hindu Kush India / Pakistan / Afghanistan / Tajikistan
96%
Alps Italy / France / Switzerland / Germany / Austria / Slovenia
96%
Andes Peru / Colombia / Chile / Argentina / Ecuador / Venezuela / Bolivia
96%
Caucasus Russia / Georgia / Azerbaijan
91%
Ural Russia / Kazakhstan
91%
Carpathian Ukraine / Romania / Poland / Slovakia / Czechia / Hungary / Serbia
91%
Karakoram (K2) Afghanistan / China / India / Pakistan / Tajikistan
87%
Pyrenees France / Spain / Andorra
87%
Himalaya India / China / Nepal / Bhutan
87%
Atlas Morocco / Algeria / Tunisia
87%
Cascade United States
87%
Balkan Bulgaria / Serbia
83%
Great Dividing Range Australia
78%
Tian Shan China / Kazakhstan / Kyrgyzstan / Uzbekistan / Tajikistan
78%
Southern Alps New Zealand
65%
Aleutian United States
65%
Altai China / Russia / Kazakhstan
61%
Zagros Iran / Iraq / Syria / Turkey
61%
Dolomites Italy
61%
Drakensberg South Africa / Lesotho
48%
Pamir Tajikistan / Kyrgyzstan / Afghanistan / China
48%
Kunlun China
43%
Western Ghats India
39%
Tatra Poland / Slovakia
30%
Grampian United Kingdom
30%
No matching quizzes found
Score Distribution
Percent of People with Each Score
Percentile by Number Answered
Your Score History
You have not taken this quiz since the last reset